书目信息 |
| 题名: |
排水
|
|
| 作者: | 空气调和·卫生工程学会 编 ;王炳麟 译 | |
| 分册: | ||
| 出版信息: | 北京 科学出版社 2002.03 |
|
| 页数: | 111页 | |
| 开本: | 26cm | |
| 丛书名: | 图解现代住宅设施系列 5 | |
| 单 册: | ||
| 中图分类: | TU823-64 | |
| 科图分类: | ||
| 主题词: | 房屋建筑设备:卫生设备 | |
| 电子资源: | ||
| ISBN: | 7-03-009861-7 | |
| 000 | 00788nam0 2200229 450 | |
| 001 | 0432926281 | |
| 005 | 20240902172014.77 | |
| 010 | @a7-03-009861-7@dCNY16.00 | |
| 100 | @a20040410d2002 km y0chiy0120 ea | |
| 101 | 0 | @achi |
| 102 | @aCN@b110000 | |
| 200 | 1 | @a排水@Apai shui@f(日)空气调和·卫生工程学会编@F(Ri)Kong Qi Diao He·Wei Sheng Gong Cheng Xue Hui Bian@g王炳麟译@Gwang bing lin yi |
| 210 | @a北京@c科学出版社@d2002.03 | |
| 215 | @a111页@d26cm | |
| 225 | 2 | @a图解现代住宅设施系列 5 |
| 410 | 0 | @12001 @a图解现代住宅设施系列 5 |
| 606 | 0 | @a房屋建筑设备:卫生设备 |
| 690 | @aTU823-64@v4 | |
| 701 | 0 | @a空气调和·卫生工程学会@AKong Qi Diao He·Wei Sheng Gong Cheng Xue Hui@4编 |
| 702 | 0 | @a王炳麟@Awang bing lin@4译 |
| 801 | 0 | @aCN@bPFT@c20040410 |
| 905 | @aBZT@dTU823-64@e1@f5 | |
| 排水/(日)空气调和·卫生工程学会编/王炳麟译.-北京:科学出版社,2002.03 |
| 111页;26cm.-(图解现代住宅设施系列 5) |
| ISBN 7-03-009861-7:CNY16.00 |
| ● |
| 相关链接 |
|
|
|
正题名:排水
索取号:TU823-64/1
 
预约/预借
| 序号 | 登录号 | 条形码 | 馆藏地/架位号 | 状态 | 备注 |
| 1 | 2001061764 | 2001061764 | 样本书库/样008架B面3层1列/ [索取号:TU823-64/1] | 在馆 |